00345nam a2200133Ia 4500008004100000020001500041041001200056082001600068100001700084245006100101260002500162300000800187650001600195221030s9999 xx 000 0 und d a8120311817 aEnglish a105.23bRaj aV. Rajaraman 0aComputer Programming in Fortran 90 & 95cby V. Rajaraman bPHIaNew Delhic1997 a354 aBE Computer